[Event "FRA-chT U20 0203"]
[Site "Clichy"]
[Date "2002.12.01"]
[Round "3.6"]
[White "Fortin, Marie"]
[Black "Baudson, Charles"]
[Result "0-1"]
[WhiteElo "1460"]
[BlackElo "1820"]
[PlyCount "94"]
[EventDate "2002.12.??"]
[EventType "team"]
[EventRounds "11"]
[EventCountry "FRA"]
[SourceTitle "EXT 2004"]
[Source "ChessBase"]
[SourceDate "2003.11.25"]
[SourceVersion "1"]
[SourceVersionDate "2003.11.25"]
[SourceQuality "1"]
[WhiteTeam "Pau"]
[BlackTeam "Cannes"]
[WhiteTeamCountry "FRA"]
[BlackTeamCountry "FRA"]

1. e4 e6 2. d4 d5 3. e5 c5 4. c3 Qb6 5. Nf3 Nc6 6. Be3 cxd4 7. cxd4 Qxb2 8. Nbd2 Bb4 9. Bd3 Bxd2+ 10. Bxd2 Nxd4 11. 0-0 Nxf3+ 12. gxf3 Qxe5 13. Bb5+ Kd8 14. Rc1 Ne7 15. Re1 Qh5 16. Kh1 Bd7 17. Bxd7 Kxd7 18. Re3 Qh4 19. Be1 Rhc8 20. Rec3 Rxc3 21. Rxc3 Rc8 22. Rb3 Qc4 23. Kg1 b6 24. Ra3 Nc6 25. Qa1 f6 26. Qb1 f5 27. Qa1 d4 28. Qd1 a5 29. f4 g6 30. Qf3 Qc1 31. Kf1 Nb4 32. Rb3 Nc2 33. Qe2 Nxe1 34. Qxe1 Qxf4 35. Rb1 Qxh2 36. Qd2 Qh1+ 37. Ke2 Qe4+ 38. Kf1 Qxb1+ 39. Kg2 d3 40. Qh6 Rc4 41. Qxh7+ Kc6 42. Qxg6 Rg4+ 43. Qxg4 fxg4 44. Kg3 d2 45. Kxg4 d1Q+ 46. Kg3 Qg6+ 47. Kf4 Qd4+ 0-1